Prénoms de garçons les plus populaires au Québec en 2022 - Statistiques

Statistiques générales
  • Ce quiz a été pris 264 fois
  • Le résultat moyen est 39 sur 100
Statistiques - réponses
Réponse % Correct
Thomas
75%
Louis
74%
Léo
72%
Lyam
72%
Gabriel
66%
Luca
65%
Lucas
65%
Nathan
65%
Antoine
64%
Charles
64%
William
62%
Mathis
61%
Julien
60%
Sam
60%
Samuel
60%
Théo
60%
Alexis
59%
Rafaël
59%
Raphaël
59%
Olivier
57%
Xavier
57%
Émile
56%
Liam
56%
Victor
56%
Anthony
55%
Éli
53%
Félix
53%
Jules
52%
Noah
52%
Justin
50%
Nicolas
50%
Tom
50%
Zachary
50%
Mathéo
49%
Mattéo
49%
Benjamin
48%
Eliot
47%
Eliott
47%
Elliot
47%
Jacob
47%
Matéo
47%
Paul
47%
Arthur
45%
Philippe
45%
Loïc
44%
Léon
42%
Laurent
41%
Zack
41%
Adam
39%
Édouard
39%
Charlie
37%
Henri
37%
Nolan
37%
Jack
34%
Clément
33%
Damien
33%
Hayden
33%
Tristan
33%
Arnaud
31%
Éthan
30%
Ludovic
30%
Rayan
29%
Éloi
27%
Enzo
27%
Jordan
27%
Axel
26%
Evan
26%
Isaac
26%
Jayden
26%
Maël
26%
Albert
25%
Florent
25%
Logan
25%
Ryan
25%
James
24%
Adrien
23%
Dylan
23%
Léonard
23%
Maxence
23%
Milan
23%
Théodore
23%
Ayden
21%
Hubert
21%
Louka
21%
Milo
20%
Jackson
18%
Malik
18%
Élias
17%
Caleb
15%
Robin
15%
Auguste
14%
Roméo
13%
Jake
12%
Kayden
12%
Mason
12%
Maverick
12%
Mayson
12%
Tyler
10%
Lionel
9%
Léandre
7%
Aucun quiz correspondant
Distribution des résultats
% des personnes avec chaque résultat
Percentile par nombre de réponses
Votre historique - résultats
Vous n’avez pas pris ce quiz